Umweltschutz als Produktionsfaktor. Technische Herausforderungen und wirtschaftliche Potentiale der neuen Dimension "Recycling".
Klasické výrobné faktory - človek, stroj, kapitál a informácie, sa rozširujú o ďalšieho činiteľa - ochranu životného prostredia. Význam a úloha recyklácie vo výrobnom procese. Členenie recyklácie na recykláciu odpadu, recykláciu počas spotreby výrobku a recykláciu druhotných surovín. Náklady recyklá...
Gespeichert in:
| 1. Verfasser: | |
|---|---|
| Format: | Buchkapitel |
| Sprache: | Deutsch |
| Schlagworte: | |
| Tags: |
Keine Tags, Fügen Sie das erste Tag hinzu!
|
MARC
| LEADER | 00000naa a2200000 4500 | ||
|---|---|---|---|
| 001 | r009933 | ||
| 005 | 20221130112922.3 | ||
| 041 | 0 | |a ger | |
| 044 | |a DE | ||
| 245 | 1 | 0 | |a Umweltschutz als Produktionsfaktor. |b Technische Herausforderungen und wirtschaftliche Potentiale der neuen Dimension "Recycling". |c R. Steinhilper |
| 520 | |a Klasické výrobné faktory - človek, stroj, kapitál a informácie, sa rozširujú o ďalšieho činiteľa - ochranu životného prostredia. Význam a úloha recyklácie vo výrobnom procese. Členenie recyklácie na recykláciu odpadu, recykláciu počas spotreby výrobku a recykláciu druhotných surovín. Náklady recyklácie. | ||
| 610 | 2 | 0 | |a ochrana prostredia životného |
| 610 | 2 | 0 | |a faktory výrobné |
| 610 | 2 | 0 | |a recyklácia odpadu |
| 610 | 2 | 0 | |a proces výrobný |
| 610 | 2 | 0 | |a spracovanie odpadu |
| 610 | 2 | 0 | |a suroviny druhotné |
| 610 | 2 | 0 | |a náklady |
| 100 | 1 | |a Steinhilper, R. | |